Újabb intézkedések Szeged közlekedésének javítására a városi tanács vb. ülése
Elmentve itt :
| Dokumentumtípus: | Cikk |
|---|---|
| Megjelent: |
1965-05-12
|
| Sorozat: | Délmagyarország
55 No. 110 |
| Kulcsszavak: | Városfejlesztés közlekedés Szeged 1965, közlekedés, városi tanács |
| Online Access: | http://dmarchiv.bibl.u-szeged.hu/69312 |
| LEADER | 00523nab a2200145 i 4500 | ||
|---|---|---|---|
| 001 | delm69312 | ||
| 005 | 20180927153737.0 | ||
| 008 | 180927s1965 hu o 0|| hun d | ||
| 040 | |a SZTE Délmagyarország Archívum |b hun | ||
| 041 | |a hun | ||
| 245 | 0 | 0 | |a Újabb intézkedések Szeged közlekedésének javítására |h [elektronikus dokumentum] : |b a városi tanács vb. ülése |
| 260 | |c 1965-05-12 | ||
| 300 | |a 1 | ||
| 490 | 0 | |a Délmagyarország |v 55 No. 110 | |
| 695 | |a Városfejlesztés közlekedés Szeged 1965, közlekedés, városi tanács | ||